| 000 | 00313 a2200121 4500 | ||
|---|---|---|---|
| 001 | 39682 | ||
| 082 | _a515BAR | ||
| 090 |
_c24701 _d24701 |
||
| 100 | _aBarnett Rayond | ||
| 245 | _aApplied calculus for business economics life science & social science, 5/e | ||
| 250 | _a5 | ||
| 260 |
_aNew York _bMacmillan _c1994 |
||
| 942 |
_aNUST-CAE _k515BAR |
||
| 999 |
_c274755 _d274755 |
||